| 000 | 00672cam a2200241 4500500 | ||
|---|---|---|---|
| 005 | 20260405003829.0 | ||
| 041 | _afre | ||
| 042 | _adc | ||
| 100 | 1 | 0 |
_aRovere, Maxime _eauthor |
| 245 | 0 | 0 | _aAlejandro Jodorowsky : croisé des chemins |
| 260 | _c2024. | ||
| 500 | _a57 | ||
| 690 | _aBande dessinée | ||
| 690 | _aChili | ||
| 690 | _aCinéma | ||
| 690 | _aÉsotérisme | ||
| 690 | _aMagie | ||
| 690 | _aMexique | ||
| 690 | _aMystère | ||
| 690 | _aTranse | ||
| 786 | 0 | _nPhilosophie magazine | 177 | 3 | 2024-03-01 | p. 67-67 | 1951-1787 | |
| 856 | 4 | 1 | _uhttps://shs.cairn.info/magazine-philosophie-magazine-2024-3-page-67?lang=fr&redirect-ssocas=7080 |
| 999 |
_c2071250 _d2071250 |
||